| 000 | 00451nam a22001817a 4500 | ||
|---|---|---|---|
| 003 | CEME | ||
| 005 | 20210628203149.0 | ||
| 008 | 210122b xxu||||| |||| 00| 0 eng d | ||
| 040 | _c. | ||
| 082 | _a621.381521 FLO | ||
| 100 |
_aFloyd, Thomas L _910192 |
||
| 245 | _aElectronic devices | ||
| 250 | _a6TH | ||
| 260 |
_aISLAMABAD _bNATIONAL BOOK FOUNDATION _c2007 |
||
| 300 | _aXXIII,999 P | ||
| 650 |
_aELECTRONIC DEVICES _958176 |
||
| 942 |
_cBK _2ddc |
||
| 999 |
_c572449 _d572449 |
||